ՀՀ Գիտությունների ազգային ակադեմիայի հիմնարար գիտական գրադարան  =   Fundamental Scientific Library of NAS RA

Вдохновленный Лениным : (Record no. 277104)

MARC details
000 -LEADER
fixed length control field 00998nam a2200217 u 4500
001 - CONTROL NUMBER
control field 000750017
003 - CONTROL NUMBER IDENTIFIER
control field AM-YeHGA
005 - DATE AND TIME OF LATEST TRANSACTION
control field 20250617143546.0
008 - FIXED-LENGTH DATA ELEMENTS--GENERAL INFORMATION
fixed length control field 100713s1985 ru r 000 0 rus d
040 ## - CATALOGING SOURCE
Original cataloging agency AM-YeHGA
041 0# - LANGUAGE CODE
Language code of text/sound track or separate title rus
090 ## - LOCALLY ASSIGNED LC-TYPE CALL NUMBER (OCLC); LOCAL CALL NUMBER (RLIN)
-- 278755
245 00 - TITLE STATEMENT
Title Вдохновленный Лениным :
Remainder of title А. Тодорский: произведения о родном крае, биографические и другие материалы. [Сборник] /
Statement of responsibility, etc. Сост. В.Н. Полосухин.
260 ## - PUBLICATION, DISTRIBUTION, ETC.
Place of publication, distribution, etc. Москва :
Name of publisher, distributor, etc. Московский рабочий,
Date of publication, distribution, etc. 1985.
300 ## - PHYSICAL DESCRIPTION
Extent 287 с. :
Other physical details [8] л. ил.
600 14 - SUBJECT ADDED ENTRY--PERSONAL NAME
Personal name Ленин, Владимир Ильич
653 0# - INDEX TERM--UNCONTROLLED
Uncontrolled term КПСС - История - Биографии
653 0# - INDEX TERM--UNCONTROLLED
Uncontrolled term Советская Армия - История
653 0# - INDEX TERM--UNCONTROLLED
Uncontrolled term Социалистическое строительство - Калинин. oбл.
700 1# - ADDED ENTRY--PERSONAL NAME
Personal name Полосухин, Владимир Николаевич
Relator term сост.
Relationship com
Holdings
Withdrawn status Lost status Damaged status Not for loan Collection Home library Current library Date acquired Total checkouts Full call number Barcode Date last seen Price effective from Koha item type Public note
        General Fundamental Scientific Library Fundamental Scientific Library 29/12/2016   PII/533378 FL0166251 29/12/2016 29/12/2016 Գրքեր / Books 30 Days Loan


ՀՀ ԳԱԱ հիմնարար գիտական գրադարան
ՀՀ,Երևան 0019
Մարշալ Բաղրամյան 24/6
հեռախոս:(374-10) 52-47-50
Հետադարձ կապ

All site content, except where otherwise noted, is licensed under a
Creative Commons License